El modelo google (Registro nro. 633)

Detalles MARC
000 -LEADER
fixed length control field 01021 a2200253 4500
001 - CONTROL NUMBER
control field 15185
005 - DATE AND TIME OF LATEST TRANSACTION
control field 20260407155449.0
008 - FIXED-LENGTH DATA ELEMENTS--GENERAL INFORMATION
fixed length control field 260407a2007 arg spa d
003 - CONTROL NUMBER IDENTIFIER
control field AR-UNSa-BCEJYS
040 ## - CATALOGING SOURCE
Original cataloging agency AR-UNSa-BCEJYS
Language of cataloging spa
Transcribing agency AR-UNSa-BCEJYS
080 ## - UNIVERSAL DECIMAL CLASSIFICATION NUMBER
Universal Decimal Classification number 004.738.52
Common auxiliary subdivision Utilidades para búsqueda en Internet. Worldwide Web (WWW)
020 ## - INTERNATIONAL STANDARD BOOK NUMBER
International Standard Book Number 978-958-45-0384-8
100 1# - MAIN ENTRY--PERSONAL NAME
Personal name Girard, Bernard
245 10 - TITLE STATEMENT
Title El modelo google
Name of part/section of a work una revolución administrativa
264 #1 - PRODUCTION, PUBLICATION, DISTRIBUTION, MANUFACTURE, AND COPYRIGHT NOTICE
Place of production, publication, distribution, manufacture Bogotá :
Name of producer, publisher, distributor, manufacturer Grupo Editorial Norma
Date of production, publication, distribution, manufacture, or copyright notice 2007
300 ## - PHYSICAL DESCRIPTION
Extent 306 p.
Dimensions 23 cm.
505 ## - FORMATTED CONTENTS NOTE
Formatted contents note 1. Una aventura industrial fuera de lo común - 2. Un motor de fórmula I - 3. "Preocupese por los usuarios, y todo lo demás vendrá por sí solo" - 4. Retos y apuestas - 5. Una huella duradera
590 ## - LOCAL NOTE (RLIN)
Local note niveau_biblio:m niveau_hierar:0
650 ## - SUBJECT ADDED ENTRY--TOPICAL TERM
Topical term or geographic name entry element GOOGLE
650 ## - SUBJECT ADDED ENTRY--TOPICAL TERM
Topical term or geographic name entry element google
700 1# - ADDED ENTRY--PERSONAL NAME
Personal name Meléndez, Esperanza
856 41 - ELECTRONIC LOCATION AND ACCESS
Uniform Resource Identifier <a href="https://biblioeco.unsa.edu.ar/pmb/images/libros/El modelo google-l118990.jpg">https://biblioeco.unsa.edu.ar/pmb/images/libros/El modelo google-l118990.jpg</a>
Link text Imagen de portada
Electronic format type image/jpeg
942 ## - ADDED ENTRY ELEMENTS (KOHA)
Koha item type
Existencias
Withdrawn status Lost status Damaged status Not for loan Home library Current library Shelving location Date acquired Total checkouts Full call number Barcode Date last seen Price effective from Koha item type
        Biblioteca Prof. Eusebio Cleto del Rey Biblioteca Prof. Eusebio Cleto del Rey   07/04/2026   004.738.52 G517 L118990 07/04/2026 07/04/2026 Libro